Sports Quiz

Random Sports Quiz

Royals second basemen Quiz Stats

 Plays Quiz not verified by Sporcle

Challenge
Share
Tweet
Embed
Score 0/25 Timer 10:00
0 Plays Today
Hint Answer % Correct
2,099 gamesFrank White
95.9%
120 gamesWhit Merrifield
81.9%
294 gamesOmar Infante
80.3%
471 gamesCarlos Febles
55.2%
293 gamesChris Getz
53.9%
760 gamesCookie Rojas
52.3%
329 gamesMark Grudzielanek
51.1%
289 gamesJose Offerman
40.1%
245 gamesJose Lind
31.9%
201 gamesAlberto Callaspo
25.6%
123 gamesMike Aviles
25.3%
121 gamesDesi Relaford
24%
226 gamesTerry Shumpert
21.9%
Hint Answer % Correct
116 gamesJohnny Giavotella
21.1%
98 gamesDavid Howard
19.5%
96 gamesKeith Miller
16.3%
84 gamesBill Pecota
14.7%
133 gamesKeith Lockhart
14.3%
105 gamesTony Graffanino
13.4%
104 gamesEsteban German
12.7%
122 gamesRuben Gotay
12.2%
115 gamesJerry Adair
7.3%
88 gamesLuis Alicea
5.9%
80 gamesBrad WEllman
2.9%
81 gamesBobby Knoop
2.3%

You're not logged in!

Compare scores with friends on all Sporcle quizzes.
OR
Log In

You Might Also Like...

Show Comments

Extras

Created Jul 13, 2017ReportNominate
Tags:basemen, royal, second

Top Quizzes Today


Score Distribution

Your Account Isn't Verified!

In order to create a playlist on Sporcle, you need to verify the email address you used during registration. Go to your Sporcle Settings to finish the process.

Report this User

Report this user for behavior that violates our Community Guidelines.

Details: